1179 1036 1203 1297 1180 1765 1529 1378 1572 1858 1578 1116 1731 1646 1843 1668 1590 1506 1173 1671 1132 1342 1202 1130 1611 1534 1543 1959 1407 1973 1436 1272 1344 1819 1582 1873 1926 1375 1936 1902 1493 1735 1085 1310 1298 1744 1923 1761 1795 1785 1069 1091 1872 1123 1972 1353 1461 1501 1781 1039 1093 1814 1800 1283 1154 1972 1725 1220 1529 1402 1369 1965 1843 1377 1277 1702 1200 1387 1091 1595 1737 1471 1630 1057 1034 1659 1214 1233 1088 1679 1027 1736 1898 1228 1792 1234 1390 1991 1396 BCNSPRNW ULIB Ver.6.0+V

เปลี่ยนเป็นภาษาไทย

Change to English
 แสดงรายละเอียดบรรณานุกรม
  กลับหน้าหลัก

Brief Record : Get Marc (ISO 2709) : E-mail record : QR code < ปิดหน้าต่าง
LEADER : 00000nam 2200000uu 4500
001    13399114571
003     ULIB
008    120418s2547||||th 000 0 tha d
020    ^a9749244524
090    ^aนว.^bค181 2547
100 0  ^aรวมผู้แต่ง
245 00 ^aความรู้สึกดี...ที่เรามีกัน/^cรวมผู้แต่ง
250    ^aพิมพ์ครั้งที่ 2
260    ^aกรุงเทพฯ :^bแจ่มใส,^c2547
300    ^a233 หน้า
710 1  ^aแจ่มใส
945    ^p149^l0^i18155
995    ^aกัณชพร
999    ^aใช้งานได้ทุกระบบ
รายการนี้ยังไม่มีแท็ก
คุณยังไม่ได้ล็อกอิน คุณสามารถมีกิจกรรมร่วมกับเว็บไซต์ได้ แต่ต้องล็อกอินก่อน ::
  ล็อกอิน

รายการสื่อสารสนเทศ

ลำดับที่ ประเภท เลขเรียก/บาร์โค้ด สถานที่ สถานะ
1. นวนิยาย
นวนิยาย
นว. ค181 2547  
  Barcode: 18155
ห้องสมุดวิทยาเขตสวรรค์ประชารักษ์
►นวนิยาย
บนชั้น
  ขอยืม

BibComment


ยังไม่เคยถูกคอมเมนท์

คอมเมนท์ทรัพยากรรายการนี้
  คอมเมนท์: ความรู้สึกดีที่เ..


 Copyright 2026. Bcnsprnw @Library